000 00688nam a22002177a 4500
999 _c15225
_d15225
003 MIRAKIL
005 20230426130226.0
008 230426b tu ||||| |||| 00| 0 tur d
020 _a9786254493560
040 _aTR-AnCHP
_cTR-AnCHP
041 _atur
082 _a343.04056
_bŞ35t 2021
100 _aŞener, Abdüllatif
245 1 0 _aTanzimat Dönemi Osmanlı vergi hukuku/
_cAbdülatif Şener
260 _aİstanbul :
_bAlfa Yayınları,
_c2021.
300 _a374 s.:
_btbl.;
_c21 sm.
490 0 _aAlfa :
_aAraştırma :
_v4132.
_v222.
504 _aKaynakça ve dizin vardır.
650 0 _9710
_aOsmanlı İmparatorluğu
_xVergi hukuku
_yTanzimat dönemi
942 _2ddc
_cBKS